00542nam a2200157Ia 4500008004100000020001500041082002000056100004800076245006200124250001600186260003300202300000900235942001200244999001900256952010900275210430s9999 xx 000 0 und d a0077079760 a543.0858 B212 F a Colin N.Banwell, Elaine M. McCash.9128950 aFundamentals of Molecular Spectroscopy /cColin N.Banwell a4th edition aNew DelhibMcGraw-Hillc1997 a308p cBK2ddc c562751d562751 001040708NFICaSCMEbSCMEcGENd0000-00-00l0o543.0858 B212 FpSCME-1632r2021-04-30w2021-04-30yBK